000 00772nac a22002051u 4500
010 _a 2003110883
020 _a0534506909
035 _a(DLC) 2003110883
082 0 0 _a327.101
_bG2868
090 _c1986
_d1986
100 _aGenest, Marc A.
245 1 0 _aConflict and cooperation :
_bevolving theories of international relations /
_cMarc A. Genest.
250 _a2nd ed.
260 _aBelmont, CA :
_bThomson/Wadsworth,2004
_c2004.
300 _a586 p. ;
_c24 cm.
650 0 _aInternational relations.
650 0 _aInternational relations
_xPhilosophy.
942 _cBB
_k327.101G2868
999 _c1986
_d1986